000 00725nam a2200253Ia 4500
003 OSt
005 20221005041922.0
006 a|||||r|||| 00| 0
007 ta
008 221004b |||||||| |||| 00| 0 eng d
024 _a62368
037 _cTextual
040 _aCRL
_cCRL
_beng
041 _2eng
_aeng
082 _aV2:91.N96<-N52, N6
100 _aAggarwal J C
245 0 _aElections in India 1952-96
_b Constituency profiles, results and analysis focussing poll-1996.
260 _aDelhi
_bShipra
_c1996
300 _a300p.
_ccm.
650 _aHISTORY
700 _a Chowdhry N K
942 _hV2:91.N96<-N52, N6
_cTEXL
_2cc
999 _c949319
_d949319